00488nam a2200157Ia 4500003000900000008004100009040001600050080001600066100002100082245009700103260003300200300001600233650004100249650000900290650003100299IN-BaIIA211028s9999 xx 000 0 eng d cIIA Library a523.34bFIE aFielder, Gilbert 0aStructure of the moon's surfacecGilbert Fielder  aOxfordbPergamon Pressc1961 axiii, 266p. aAstronomy and astrophysics thesaurus aMoon aSurface (Celestial Bodies)